000 00330nam a2200145Ia 4500
100 _aJohnson/Richard A
250 _a6
942 _cBK
654 _aProbability
245 _aProbability and statistics for Engineers
260 _bprentice hall
_aNew Delhi
_c2000
082 _a519.2
_bJOH
300 _a622
546 _aENGLISH
999 _c32539
_d32539